[Event "Wroclaw"]
[Site "?"]
[Date "2020.08.27"]
[Round "1.9"]
[White "Kacprzak, Karol"]
[Black "Bednarczyk, Mateusz"]
[Result "1-0"]
[BlackElo "1416"]
[WhiteElo "2012"]
[LiveChessVersion "1.4.8"]

1. e4 {[%clk 0:03:03]} c5 {[%clk 0:03:03]} 2. Nf3 {[%clk 0:03:04]} e6
{[%clk 0:03:05]} 3. d4 {[%clk 0:03:05]} cxd4 {[%clk 0:03:06]} 4. Nxd4
{[%clk 0:03:06]} Nf6 {[%clk 0:03:06]} 5. Bd3 {[%clk 0:03:07]} Nc6
{[%clk 0:03:05]} 6. Nxc6 {[%clk 0:03:07]} bxc6 {[%clk 0:03:06]} 7. O-O
{[%clk 0:03:07]} d5 {[%clk 0:03:06]} 8. Nc3 {[%clk 0:03:08]} Be7 {[%clk 0:02:50]}
9. Qe2 {[%clk 0:03:09]} O-O {[%clk 0:02:32]} 10. Kh1 {[%clk 0:03:10]} Qc7
{[%clk 0:02:28]} 11. f4 {[%clk 0:02:59]} Bb7 {[%clk 0:02:12]} 12. Bd2
{[%clk 0:02:31]} c5 {[%clk 0:01:49]} 13. b3 {[%clk 0:02:24]} dxe4
{[%clk 0:01:38]} 14. Nxe4 {[%clk 0:02:23]} Nxe4 {[%clk 0:01:36]} 15. Bxe4
{[%clk 0:02:24]} Bxe4 {[%clk 0:01:35]} 16. Qxe4 {[%clk 0:02:24]} Bf6
{[%clk 0:01:36]} 17. Rad1 {[%clk 0:02:21]} Rad8 {[%clk 0:01:34]} 18. Be3
{[%clk 0:01:55]} Rxd1 {[%clk 0:01:24]} 19. Rxd1 {[%clk 0:01:56]} Rd8
{[%clk 0:01:25]} 20. Qf3 {[%clk 0:01:31]} Rxd1+ {[%clk 0:01:19]} 21. Qxd1
{[%clk 0:01:32]} h6 {[%clk 0:01:09]} 22. Qd3 {[%clk 0:01:29]} Qa5
{[%clk 0:00:57]} 23. h3 {[%clk 0:01:05]} Qe1+ {[%clk 0:00:43]} 24. Kh2
{[%clk 0:01:06]} Bh4 {[%clk 0:00:16]} 25. Bxc5 {[%clk 0:01:07]} Qa5
{[%clk 0:00:07]} 26. Bd4 {[%clk 0:00:45]} Qxa2 {[%clk 0:00:08]} 27. c4
{[%clk 0:00:35]} Qa5 {[%clk 0:00:03]} 28. c5 {[%clk 0:00:31]} Qc7 29. Qe3
{[%clk 0:00:23]} Qb7 {[%clk 0:00:05]} 30. b4 {[%clk 0:00:23]} Qxb4
{[%clk 0:03:02]} 1-0

[Event "Wroclaw"]
[Site "?"]
[Date "2020.08.27"]
[Round "2.1"]
[White "Kaliszuk, Kamil"]
[Black "Baum, Jonasz"]
[Result "0-1"]
[BlackElo "2187"]
[WhiteElo "1789"]
[LiveChessVersion "1.4.8"]

1. e4 {[%clk 0:03:02]} c5 {[%clk 0:03:04]} 2. Nf3 {[%clk 0:03:02]} Nc6
{[%clk 0:03:05]} 3. Bb5 {[%clk 0:03:01]} a6 {[%clk 0:03:07]} 4. Bxc6
{[%clk 0:02:54]} dxc6 {[%clk 0:03:08]} 5. O-O {[%clk 0:02:47]} Qc7
{[%clk 0:03:09]} 6. c3 {[%clk 0:02:41]} e5 {[%clk 0:03:08]} 7. d4
{[%clk 0:02:34]} cxd4 {[%clk 0:03:08]} 8. cxd4 {[%clk 0:02:35]} exd4
{[%clk 0:02:58]} 9. Nxd4 {[%clk 0:02:33]} Bc5 {[%clk 0:02:24]} 10. Nc3
{[%clk 0:01:59]} Ne7 {[%clk 0:02:20]} 11. Be3 {[%clk 0:01:56]} Ba7
{[%clk 0:02:03]} 12. Rc1 {[%clk 0:01:48]} O-O {[%clk 0:01:55]} 13. Qe2
{[%clk 0:01:49]} c5 {[%clk 0:01:28]} 14. Nf3 {[%clk 0:01:05]} b6 {[%clk 0:01:22]}
15. Rfd1 {[%clk 0:01:04]} Bg4 {[%clk 0:01:13]} 16. h3 {[%clk 0:01:00]} Bh5
{[%clk 0:01:11]} 17. Nd5 {[%clk 0:01:01]} Nxd5 {[%clk 0:01:10]} 18. Rxd5
{[%clk 0:01:02]} Bg6 {[%clk 0:01:06]} 19. Nd2 {[%clk 0:00:48]} Rad8
{[%clk 0:01:05]} 20. Rxd8 {[%clk 0:00:47]} Rxd8 {[%clk 0:01:06]} 21. b4
{[%clk 0:00:48]} Qd6 {[%clk 0:00:40]} 22. bxc5 bxc5 23. Nb3 {[%clk 0:00:40]} Bb8
{[%clk 0:00:35]} 24. g3 {[%clk 0:00:33]} Bxe4 {[%clk 0:00:34]} 25. Bf4
{[%clk 0:00:28]} Qd3 {[%clk 0:00:17]} 26. Qxd3 {[%clk 0:00:27]} Bxd3
{[%clk 0:00:18]} 27. Bxb8 {[%clk 0:00:28]} Rxb8 {[%clk 0:00:19]} 28. Nxc5
{[%clk 0:00:27]} Be2 {[%clk 0:00:19]} 29. Nb3 {[%clk 0:00:23]} g6
{[%clk 0:00:17]} 30. Kg2 {[%clk 0:00:24]} h5 {[%clk 0:00:13]} 31. Rc2
{[%clk 0:00:22]} Bd3 {[%clk 0:00:13]} 32. Rd2 {[%clk 0:00:23]} Be4+
{[%clk 0:00:14]} 33. f3 {[%clk 0:00:23]} Ba8 {[%clk 0:00:08]} 34. Kf2
{[%clk 0:00:24]} Rc8 {[%clk 0:00:08]} 35. Re2 {[%clk 0:00:12]} Kg7
{[%clk 0:00:09]} 36. Nd4 {[%clk 0:00:11]} Rc3 {[%clk 0:00:09]} 37. Re3
{[%clk 0:00:12]} Rc1 {[%clk 0:00:11]} 38. Re1 {[%clk 0:00:12]} Rc4
{[%clk 0:00:11]} 39. Rd1 {[%clk 0:00:12]} Rc3 {[%clk 0:00:11]} 40. Re1
{[%clk 0:00:11]} Rd3 {[%clk 0:00:11]} 41. Ne2 {[%clk 0:00:09]} Rxf3+
{[%clk 0:00:12]} 42. Kg1 {[%clk 0:00:10]} Ra3 {[%clk 0:00:14]} 43. Ra1
{[%clk 0:00:09]} Bd5 {[%clk 0:00:15]} 44. Nf4 {[%clk 0:00:08]} Bc4
{[%clk 0:00:14]} 45. Kf2 {[%clk 0:00:08]} Rxa2+ {[%clk 0:00:15]} 46. Rc1
{[%clk 0:00:08]} 0-1

[Event "Wroclaw"]
[Site "?"]
[Date "2020.08.27"]
[Round "2.2"]
[White "Oglaza, Oskar"]
[Black "Budzisz, Adrian"]
[Result "1/2-1/2"]
[BlackElo "1767"]
[WhiteElo "2183"]
[LiveChessVersion "1.4.8"]

1. b3 {[%clk 0:03:01]} e5 {[%clk 0:03:03]} 2. Bb2 {[%clk 0:03:02]} Nc6
{[%clk 0:03:03]} 3. e3 {[%clk 0:02:54]} d6 {[%clk 0:03:01]} 4. c4
{[%clk 0:02:53]} g6 {[%clk 0:03:01]} 5. Be2 {[%clk 0:02:41]} Bg7 {[%clk 0:03:02]}
6. Nf3 {[%clk 0:02:38]} Nge7 {[%clk 0:03:00]} 7. O-O {[%clk 0:02:31]} O-O
{[%clk 0:02:59]} 8. d4 {[%clk 0:02:18]} exd4 {[%clk 0:02:42]} 9. exd4
{[%clk 0:02:13]} d5 {[%clk 0:02:43]} 10. Na3 {[%clk 0:02:07]} Bf5
{[%clk 0:02:37]} 11. Qd2 {[%clk 0:01:48]} Qd7 {[%clk 0:02:18]} 12. Rfd1
{[%clk 0:01:43]} Rad8 {[%clk 0:02:18]} 13. Rac1 {[%clk 0:01:38]} Rfe8
{[%clk 0:02:04]} 14. Nc2 {[%clk 0:01:10]} Bxc2 {[%clk 0:01:35]} 15. Qxc2
{[%clk 0:01:10]} Nf5 {[%clk 0:01:34]} 16. cxd5 {[%clk 0:01:08]} Qxd5
{[%clk 0:01:33]} 17. Bc4 {[%clk 0:01:08]} Qd6 {[%clk 0:00:44]} 18. Ng5
{[%clk 0:00:43]} Rf8 {[%clk 0:00:45]} 19. Ne4 {[%clk 0:00:42]} Qf4
{[%clk 0:00:39]} 20. g3 {[%clk 0:00:32]} Qh6 {[%clk 0:00:25]} 21. d5
{[%clk 0:00:21]} Ne5 {[%clk 0:00:26]} 22. Be2 {[%clk 0:00:17]} Rfe8
{[%clk 0:00:23]} 23. Qxc7 {[%clk 0:00:14]} g5 {[%clk 0:00:16]} 24. d6
{[%clk 0:00:09]} g4 {[%clk 0:00:15]} 25. Bxe5 {[%clk 0:00:10]} Bxe5
{[%clk 0:00:16]} 26. Bxg4 {[%clk 0:00:09]} Nd4 {[%clk 0:00:15]} 27. Qc5
{[%clk 0:00:05]} Qg6 {[%clk 0:00:14]} 28. Rxd4 {[%clk 0:00:03]} Bxd4
{[%clk 0:00:13]} 29. Qxd4 {[%clk 0:00:04]} Rxe4 {[%clk 0:00:13]} 30. Qd5
{[%clk 0:00:04]} Qxg4 {[%clk 0:00:13]} 31. d7 {[%clk 0:00:03]} Rxd7
{[%clk 0:00:13]} 32. Qc5 {[%clk 0:00:03]} Red4 {[%clk 0:00:13]} 33. Qc8+
{[%clk 0:00:03]} Kg7 {[%clk 0:00:14]} 34. Qc3 {[%clk 0:00:04]} f6
{[%clk 0:00:14]} 35. Re1 {[%clk 0:00:03]} Rd1 {[%clk 0:00:13]} 36. Kg2
{[%clk 0:00:03]} Rxe1 {[%clk 0:00:14]} 37. Qxe1 {[%clk 0:00:04]} Qf5
{[%clk 0:00:15]} 38. Qb4 {[%clk 0:00:04]} Qd5+ {[%clk 0:00:16]} 39. Kh3
{[%clk 0:00:04]} Qe6+ {[%clk 0:00:17]} 40. Kg2 {[%clk 0:00:05]} Qc6+
{[%clk 0:00:18]} 41. Kh3 {[%clk 0:00:06]} Qc7 {[%clk 0:00:17]} 42. Qg4+
{[%clk 0:00:06]} Kf7 {[%clk 0:00:18]} 43. Qh5+ {[%clk 0:00:07]} Ke6
{[%clk 0:00:19]} 44. Qe2+ {[%clk 0:00:06]} Kf7 {[%clk 0:00:19]} 45. Qh5+
{[%clk 0:00:07]} Ke7 {[%clk 0:00:20]} 46. Qxh7+ {[%clk 0:00:07]} Kd8
{[%clk 0:00:19]} 47. Qg8+ {[%clk 0:00:07]} Ke7 {[%clk 0:00:21]} 48. Qg7+
{[%clk 0:00:08]} Kd6 {[%clk 0:00:20]} 49. Qxf6+ {[%clk 0:00:09]} Kc5
{[%clk 0:00:22]} 50. Qc3+ {[%clk 0:00:09]} Kb6 {[%clk 0:00:23]} 51. Qb4+
{[%clk 0:00:09]} Kc6 {[%clk 0:00:24]} 52. Qc4+ {[%clk 0:00:08]} Kb6
{[%clk 0:00:23]} 53. Qxc7+ {[%clk 0:00:05]} Kxc7 {[%clk 0:00:24]} 54. f4
{[%clk 0:00:07]} Rd2 {[%clk 0:00:24]} 55. f5 {[%clk 0:00:07]} Rxa2
{[%clk 0:00:25]} 56. g4 {[%clk 0:00:08]} Rb2 {[%clk 0:00:25]} 57. g5
{[%clk 0:00:08]} Rxb3+ {[%clk 0:00:26]} 58. Kg4 {[%clk 0:00:09]} a5
{[%clk 0:00:26]} 59. g6 {[%clk 0:00:10]} a4 {[%clk 0:00:26]} 60. g7
{[%clk 0:00:09]} Rb1 {[%clk 0:00:27]} 61. f6 {[%clk 0:00:09]} a3 {[%clk 0:00:27]}
62. f7 {[%clk 0:00:08]} a2 {[%clk 0:00:25]} 63. f8=Q {[%clk 0:00:06]} a1=Q
{[%clk 0:00:22]} 64. Qc5+ {[%clk 0:00:06]} Kd7 {[%clk 0:00:22]} 65. Qd5+
{[%clk 0:00:05]} Kc7 {[%clk 0:00:23]} 66. Qf7+ {[%clk 0:00:04]} Kc6
{[%clk 0:00:24]} 67. Qe6+ {[%clk 0:00:04]} Kc7 {[%clk 0:00:24]} 68. Qe7+
{[%clk 0:00:04]} Kb6 {[%clk 0:00:25]} 69. Qd6+ {[%clk 0:00:05]} Ka7
{[%clk 0:00:26]} 70. Qc5+ {[%clk 0:00:05]} Ka6 {[%clk 0:00:27]} 71. Qc4+
{[%clk 0:00:05]} Ka7 {[%clk 0:00:27]} 72. Qc5+ {[%clk 0:00:03]} Ka6
{[%clk 0:00:28]} 73. Qd6+ {[%clk 0:00:04]} Ka7 1/2-1/2

[Event "Wroclaw"]
[Site "?"]
[Date "2020.08.27"]
[Round "2.3"]
[White "Panek, Bartosz"]
[Black "Niedbala, Bartlomiej"]
[Result "0-1"]
[BlackElo "2131"]
[WhiteElo "1762"]
[LiveChessVersion "1.4.8"]

1. e4 {[%clk 0:03:04]} g6 {[%clk 0:03:04]} 2. d4 {[%clk 0:03:05]} Bg7
{[%clk 0:03:05]} 3. Nc3 {[%clk 0:03:06]} d6 {[%clk 0:03:07]} 4. Nf3
{[%clk 0:03:07]} Nf6 {[%clk 0:03:07]} 5. Bf4 {[%clk 0:03:08]} O-O
{[%clk 0:03:03]} 6. Qd2 {[%clk 0:03:09]} Bg4 {[%clk 0:03:04]} 7. Bh6
{[%clk 0:03:07]} Bxf3 {[%clk 0:03:05]} 8. gxf3 {[%clk 0:03:08]} Nc6
{[%clk 0:03:07]} 9. Bxg7 {[%clk 0:03:07]} Kxg7 {[%clk 0:03:08]} 10. O-O-O
{[%clk 0:03:01]} e5 {[%clk 0:03:09]} 11. dxe5 {[%clk 0:03:02]} dxe5
{[%clk 0:03:02]} 12. f4 {[%clk 0:02:33]} Qxd2+ {[%clk 0:02:59]} 13. Rxd2
{[%clk 0:02:34]} exf4 {[%clk 0:02:59]} 14. f3 {[%clk 0:02:35]} Ne5
{[%clk 0:02:58]} 15. Be2 {[%clk 0:02:36]} c6 {[%clk 0:02:51]} 16. Rhd1
{[%clk 0:02:34]} Rfe8 {[%clk 0:02:41]} 17. Na4 {[%clk 0:02:12]} b6
{[%clk 0:02:32]} 18. b3 {[%clk 0:02:13]} g5 {[%clk 0:02:31]} 19. h3
{[%clk 0:02:12]} Nh5 {[%clk 0:02:32]} 20. Rg1 {[%clk 0:01:51]} Ng3
{[%clk 0:02:32]} 21. Bd1 {[%clk 0:01:52]} Rad8 {[%clk 0:02:30]} 22. Nb2
{[%clk 0:01:53]} Rxd2 {[%clk 0:02:30]} 23. Kxd2 {[%clk 0:01:54]} Rd8+
{[%clk 0:02:32]} 24. Nd3 {[%clk 0:01:50]} Nxd3 {[%clk 0:02:21]} 25. cxd3
{[%clk 0:01:51]} c5 {[%clk 0:02:19]} 26. Kc3 {[%clk 0:01:48]} Kf6
{[%clk 0:02:12]} 27. Rg2 {[%clk 0:01:38]} Ke5 {[%clk 0:02:13]} 28. a3
{[%clk 0:01:21]} a5 {[%clk 0:02:14]} 29. Bc2 {[%clk 0:01:22]} Rd4
{[%clk 0:02:13]} 30. Rf2 {[%clk 0:00:56]} h5 {[%clk 0:02:10]} 31. Rg2
{[%clk 0:00:32]} b5 {[%clk 0:02:11]} 32. Rf2 {[%clk 0:00:21]} b4+
{[%clk 0:02:12]} 33. axb4 {[%clk 0:00:20]} cxb4+ {[%clk 0:02:07]} 34. Kb2
{[%clk 0:00:18]} Rd6 {[%clk 0:02:09]} 35. Rg2 {[%clk 0:00:16]} Kd4
{[%clk 0:02:10]} 36. Bd1 {[%clk 0:00:06]} Rc6 {[%clk 0:02:08]} 37. Rc2
{[%clk 0:00:04]} Rxc2+ {[%clk 0:02:09]} 38. Kxc2 {[%clk 0:00:05]} Nf1
{[%clk 0:02:03]} 39. Be2 {[%clk 0:00:06]} Ne3+ {[%clk 0:02:00]} 40. Kb2
{[%clk 0:00:03]} f5 {[%clk 0:01:56]} 41. exf5 {[%clk 0:00:03]} Nxf5
{[%clk 0:01:57]} 42. Kc2 {[%clk 0:00:03]} Ng3 {[%clk 0:01:57]} 43. Bd1
{[%clk 0:00:04]} Ke3 {[%clk 0:01:58]} 0-1

[Event "Wroclaw"]
[Site "?"]
[Date "2020.08.27"]
[Round "2.4"]
[White "Luberanski, Jakub"]
[Black "Czechowski, Jakub"]
[Result "1-0"]
[BlackElo "1750"]
[WhiteElo "2087"]
[LiveChessVersion "1.4.8"]

1. d4 {[%clk 0:03:03]} Nf6 {[%clk 0:03:03]} 2. c4 {[%clk 0:03:04]} g6
{[%clk 0:03:04]} 3. Nc3 {[%clk 0:03:04]} Bg7 {[%clk 0:03:05]} 4. e4
{[%clk 0:03:05]} d6 {[%clk 0:03:07]} 5. Nf3 {[%clk 0:03:06]} O-O {[%clk 0:03:08]}
6. Be2 {[%clk 0:03:07]} e5 {[%clk 0:03:09]} 7. O-O {[%clk 0:03:07]} Nc6
{[%clk 0:03:10]} 8. d5 {[%clk 0:03:08]} Ne7 {[%clk 0:03:11]} 9. Nd2
{[%clk 0:03:09]} Nd7 {[%clk 0:03:10]} 10. b4 {[%clk 0:03:10]} f5 {[%clk 0:03:11]}
11. c5 {[%clk 0:03:11]} Rf7 {[%clk 0:02:33]} 12. f3 {[%clk 0:02:58]} f4
{[%clk 0:02:34]} 13. Nc4 {[%clk 0:02:54]} Nf6 {[%clk 0:02:27]} 14. Nb5
{[%clk 0:02:50]} Ne8 {[%clk 0:02:27]} 15. a4 {[%clk 0:02:38]} g5 {[%clk 0:02:24]}
16. Bd2 {[%clk 0:01:55]} h5 {[%clk 0:02:24]} 17. Be1 {[%clk 0:01:52]} Bf8
{[%clk 0:02:23]} 18. Bf2 {[%clk 0:01:53]} Rg7 {[%clk 0:02:17]} 19. cxd6
{[%clk 0:01:43]} cxd6 {[%clk 0:02:18]} 20. Nxa7 {[%clk 0:01:23]} Rxa7
{[%clk 0:02:19]} 21. Bxa7 {[%clk 0:01:23]} g4 {[%clk 0:02:20]} 22. Nb6
{[%clk 0:00:59]} gxf3 {[%clk 0:02:14]} 23. Bxf3 {[%clk 0:00:57]} Bg4
{[%clk 0:02:15]} 24. Rc1 {[%clk 0:00:41]} Ng6 {[%clk 0:01:56]} 25. Bxg4
{[%clk 0:00:33]} hxg4 {[%clk 0:01:57]} 26. Qxg4 {[%clk 0:00:32]} Nh4
{[%clk 0:01:58]} 27. Qe6+ {[%clk 0:00:33]} Kh7 {[%clk 0:01:52]} 28. Rf2
{[%clk 0:00:18]} Qg5 {[%clk 0:01:24]} 29. Qh3 {[%clk 0:00:12]} Nf6
{[%clk 0:00:40]} 30. Kh1 {[%clk 0:00:07]} Ng4 {[%clk 0:00:41]} 31. Re2
{[%clk 0:00:05]} f3 {[%clk 0:00:43]} 32. Rc8 {[%clk 0:00:03]} fxe2
{[%clk 0:00:39]} 33. Qg3 {[%clk 0:00:04]} Nxg2 {[%clk 0:00:31]} 34. Kxg2
{[%clk 0:00:04]} Ne3+ {[%clk 0:00:31]} 35. Kf2 {[%clk 0:00:05]} Ng4+
{[%clk 0:00:23]} 36. Kxe2 {[%clk 0:00:06]} Rf7 {[%clk 0:00:20]} 37. Nc4
{[%clk 0:00:06]} Rf2+ {[%clk 0:00:20]} 38. Bxf2 Bh6 39. Be3 {[%clk 0:00:07]} Qh5
{[%clk 0:00:21]} 40. Bxh6 {[%clk 0:00:07]} Nxh6+ {[%clk 0:00:21]} 41. Qf3
{[%clk 0:00:08]} 1-0

[Event "Wroclaw"]
[Site "?"]
[Date "2020.08.27"]
[Round "2.5"]
[White "Kania, Dominik"]
[Black "Kacprzak, Kacper"]
[Result "0-1"]
[BlackElo "2035"]
[WhiteElo "1744"]
[LiveChessVersion "1.4.8"]

1. b3 {[%clk 0:03:01]} Nf6 {[%clk 0:03:03]} 2. Bb2 {[%clk 0:03:02]} g6
{[%clk 0:03:03]} 3. e3 {[%clk 0:03:01]} Bg7 {[%clk 0:03:04]} 4. Nf3
{[%clk 0:02:56]} O-O {[%clk 0:03:06]} 5. c4 {[%clk 0:02:54]} d6 {[%clk 0:03:07]}
6. Nc3 {[%clk 0:02:53]} Nbd7 {[%clk 0:03:08]} 7. Be2 {[%clk 0:02:51]} e5
{[%clk 0:03:08]} 8. d4 {[%clk 0:02:44]} Re8 {[%clk 0:03:09]} 9. O-O
{[%clk 0:02:41]} c6 {[%clk 0:03:09]} 10. dxe5 {[%clk 0:02:24]} dxe5
{[%clk 0:03:10]} 11. Qd6 {[%clk 0:01:59]} Bf8 {[%clk 0:03:11]} 12. Qd2
{[%clk 0:01:59]} Qc7 {[%clk 0:03:11]} 13. a3 {[%clk 0:01:53]} a5 {[%clk 0:03:12]}
14. Rfd1 {[%clk 0:01:51]} Nc5 {[%clk 0:03:11]} 15. Qc2 {[%clk 0:01:10]} Bf5
{[%clk 0:03:12]} 16. e4 {[%clk 0:01:07]} Nfxe4 {[%clk 0:03:11]} 17. Nxe4
{[%clk 0:00:53]} Bxe4 {[%clk 0:03:04]} 18. Qc3 {[%clk 0:00:52]} f6
{[%clk 0:03:01]} 19. Nd2 Bf5 20. Nf1 {[%clk 0:00:29]} a4 {[%clk 0:03:00]} 21. b4
{[%clk 0:00:27]} Nb3 {[%clk 0:03:00]} 22. Ra2 {[%clk 0:00:27]} Nd4
{[%clk 0:02:54]} 23. Bd3 {[%clk 0:00:25]} Bxd3 {[%clk 0:02:49]} 24. Qxd3
{[%clk 0:00:25]} Rad8 {[%clk 0:02:50]} 25. Qe3 {[%clk 0:00:04]} Bh6
{[%clk 0:02:39]} 26. Qe1 {[%clk 0:00:03]} Nb3 {[%clk 0:02:31]} 27. Rxd8
{[%clk 0:00:03]} Rxd8 {[%clk 0:02:32]} 28. Qc3 {[%clk 0:00:04]} Rd1
{[%clk 0:02:30]} 29. h3 {[%clk 0:00:04]} Nd2 {[%clk 0:02:28]} 30. Ra1
{[%clk 0:00:03]} Rxa1 {[%clk 0:02:14]} 31. Bxa1 {[%clk 0:00:05]} Nb3
{[%clk 0:02:15]} 32. Bb2 {[%clk 0:00:05]} Qd7 {[%clk 0:02:16]} 33. Qc2
{[%clk 0:00:05]} Kf7 {[%clk 0:02:09]} 34. Ng3 {[%clk 0:00:04]} Qd2
{[%clk 0:01:58]} 35. Qxd2 {[%clk 0:00:05]} Nxd2 {[%clk 0:01:56]} 36. Bc3
{[%clk 0:00:04]} Nxc4 {[%clk 0:01:57]} 37. Ne4 {[%clk 0:00:03]} f5
{[%clk 0:01:51]} 38. Nc5 {[%clk 0:00:04]} b5 {[%clk 0:01:48]} 39. Na6
{[%clk 0:00:05]} Ke6 {[%clk 0:01:42]} 40. Nb8 {[%clk 0:00:04]} Kd6
{[%clk 0:01:42]} 41. Na6 {[%clk 0:00:03]} Bc1 {[%clk 0:01:37]} 42. Nc5
{[%clk 0:00:03]} Bxa3 {[%clk 0:01:38]} 43. Nd3 {[%clk 0:00:03]} e4
{[%clk 0:01:36]} 44. Nf4 {[%clk 0:00:04]} Bb2 {[%clk 0:01:35]} 45. Bxb2
{[%clk 0:00:04]} Nxb2 {[%clk 0:01:36]} 46. Ne2 {[%clk 0:00:05]} Nd3
{[%clk 0:01:37]} 47. Kf1 {[%clk 0:00:04]} a3 {[%clk 0:01:38]} 48. Nc3
{[%clk 0:00:05]} Nxb4 {[%clk 0:01:39]} 49. Ke2 {[%clk 0:00:05]} a2
{[%clk 0:01:39]} 50. Ke3 {[%clk 0:00:05]} Ke5 51. Kd4+ 0-1

[Event "Wroclaw"]
[Site "?"]
[Date "2020.08.27"]
[Round "2.6"]
[White "Suder, Jakub"]
[Black "Gorkiewicz, Mateusz"]
[Result "1-0"]
[BlackElo "1738"]
[WhiteElo "2031"]
[LiveChessVersion "1.4.8"]

1. d4 {[%clk 0:03:04]} d5 {[%clk 0:03:03]} 2. Bf4 {[%clk 0:03:04]} Nf6
{[%clk 0:03:03]} 3. e3 {[%clk 0:03:05]} e6 {[%clk 0:03:03]} 4. Nd2
{[%clk 0:03:05]} c5 {[%clk 0:03:03]} 5. c3 {[%clk 0:03:07]} Nc6 {[%clk 0:03:03]}
6. Bd3 {[%clk 0:03:07]} Bd6 {[%clk 0:03:01]} 7. Bxd6 {[%clk 0:03:07]} Qxd6
{[%clk 0:03:02]} 8. f4 {[%clk 0:03:08]} O-O {[%clk 0:02:56]} 9. Ngf3
{[%clk 0:03:09]} c4 {[%clk 0:02:25]} 10. Bc2 {[%clk 0:03:04]} b5 {[%clk 0:02:24]}
11. Ne5 {[%clk 0:02:57]} Rb8 {[%clk 0:02:16]} 12. a3 {[%clk 0:02:45]} a5
{[%clk 0:02:15]} 13. O-O {[%clk 0:02:39]} b4 {[%clk 0:02:12]} 14. axb4
{[%clk 0:02:40]} axb4 {[%clk 0:02:12]} 15. Rf3 {[%clk 0:02:33]} bxc3
{[%clk 0:01:46]} 16. bxc3 {[%clk 0:02:34]} Bd7 {[%clk 0:01:25]} 17. Rh3
{[%clk 0:02:34]} Qe7 {[%clk 0:00:44]} 18. Bxh7+ {[%clk 0:02:19]} Nxh7
{[%clk 0:00:31]} 19. Qh5 {[%clk 0:02:20]} 1-0

[Event "Wroclaw"]
[Site "?"]
[Date "2020.08.27"]
[Round "2.7"]
[White "Owoc, Jakub"]
[Black "Kacprzak, Karol"]
[Result "0-1"]
[BlackElo "2012"]
[WhiteElo "1705"]
[LiveChessVersion "1.4.8"]

1. e4 {[%clk 0:03:03]} c5 {[%clk 0:03:03]} 2. c3 {[%clk 0:03:05]} d6
{[%clk 0:03:03]} 3. d4 {[%clk 0:03:05]} Nf6 {[%clk 0:03:04]} 4. Bd3
{[%clk 0:03:06]} g6 {[%clk 0:03:05]} 5. Ne2 {[%clk 0:03:07]} Bg7 {[%clk 0:03:07]}
6. O-O {[%clk 0:03:05]} O-O {[%clk 0:03:07]} 7. Be3 {[%clk 0:03:06]} b6
{[%clk 0:03:08]} 8. h3 {[%clk 0:02:58]} Bb7 {[%clk 0:03:09]} 9. Nd2
{[%clk 0:02:59]} e5 {[%clk 0:02:38]} 10. d5 {[%clk 0:02:59]} Nbd7
{[%clk 0:02:32]} 11. Qc2 {[%clk 0:02:35]} Qc7 {[%clk 0:02:21]} 12. f4
{[%clk 0:02:32]} exf4 {[%clk 0:02:21]} 13. Bxf4 {[%clk 0:02:33]} Nh5
{[%clk 0:02:22]} 14. Bh2 {[%clk 0:02:32]} Ne5 {[%clk 0:02:20]} 15. Nc4
{[%clk 0:02:31]} Rae8 {[%clk 0:01:47]} 16. Nxe5 {[%clk 0:02:30]} Bxe5
{[%clk 0:01:47]} 17. Bxe5 {[%clk 0:02:25]} Rxe5 {[%clk 0:01:48]} 18. c4
{[%clk 0:02:23]} Bc8 {[%clk 0:01:44]} 19. Rae1 {[%clk 0:02:23]} Qe7
{[%clk 0:01:42]} 20. Nf4 {[%clk 0:02:20]} Ng7 {[%clk 0:01:31]} 21. Re2
{[%clk 0:01:48]} Re8 {[%clk 0:01:31]} 22. Rfe1 {[%clk 0:01:48]} g5
{[%clk 0:01:27]} 23. g3 {[%clk 0:01:15]} gxf4 {[%clk 0:01:01]} 24. gxf4
{[%clk 0:01:17]} Rh5 {[%clk 0:01:02]} 25. Rg2 {[%clk 0:01:11]} Qf6
{[%clk 0:00:38]} 26. Qd2 {[%clk 0:01:03]} Bxh3 {[%clk 0:00:35]} 27. Rg3
{[%clk 0:01:04]} Kh8 {[%clk 0:00:26]} 28. Re2 {[%clk 0:00:54]} Bd7
{[%clk 0:00:18]} 29. Reg2 {[%clk 0:00:52]} Rg8 {[%clk 0:00:19]} 30. Qe3
{[%clk 0:00:48]} Rh6 {[%clk 0:00:18]} 31. e5 {[%clk 0:00:47]} Qh4
{[%clk 0:00:16]} 32. e6 {[%clk 0:00:45]} fxe6 {[%clk 0:00:13]} 33. Qe4
{[%clk 0:00:40]} exd5 {[%clk 0:00:11]} 34. cxd5 {[%clk 0:00:39]} Qd8
{[%clk 0:00:08]} 35. Rg5 {[%clk 0:00:18]} Qf6 {[%clk 0:00:08]} 36. Rh2
{[%clk 0:00:15]} Rxh2 {[%clk 0:00:07]} 37. Kxh2 {[%clk 0:00:16]} Bf5
{[%clk 0:00:08]} 38. Rxf5 {[%clk 0:00:07]} Nxf5 {[%clk 0:00:09]} 39. Qxf5 Qh4+
{[%clk 0:00:09]} 0-1

[Event "Wroclaw"]
[Site "?"]
[Date "2020.08.27"]
[Round "2.8"]
[White "Ochedzan, Tymon"]
[Black "Lichorad, Mateusz"]
[Result "1/2-1/2"]
[BlackElo "1656"]
[WhiteElo "1972"]
[LiveChessVersion "1.4.8"]

1. e4 {[%clk 0:03:03]} c5 {[%clk 0:03:03]} 2. Nf3 {[%clk 0:03:03]} e6
{[%clk 0:03:04]} 3. d4 {[%clk 0:03:04]} cxd4 {[%clk 0:03:05]} 4. Nxd4
{[%clk 0:03:05]} Nc6 {[%clk 0:03:05]} 5. Nc3 {[%clk 0:03:00]} Qc7
{[%clk 0:03:06]} 6. Be2 {[%clk 0:02:50]} a6 {[%clk 0:03:06]} 7. O-O
{[%clk 0:02:46]} Nf6 {[%clk 0:03:05]} 8. Be3 {[%clk 0:02:43]} Be7
{[%clk 0:03:00]} 9. f4 {[%clk 0:02:39]} d6 {[%clk 0:02:55]} 10. Qe1
{[%clk 0:02:38]} O-O {[%clk 0:02:43]} 11. Qg3 {[%clk 0:02:35]} g6
{[%clk 0:02:20]} 12. Rad1 {[%clk 0:02:27]} Bd7 {[%clk 0:02:15]} 13. f5
{[%clk 0:02:06]} Nxd4 {[%clk 0:01:58]} 14. Bxd4 {[%clk 0:02:05]} e5
{[%clk 0:01:54]} 15. Be3 {[%clk 0:02:02]} Bc6 {[%clk 0:01:49]} 16. Bf3
{[%clk 0:01:30]} b5 {[%clk 0:01:40]} 17. Bh6 {[%clk 0:01:23]} b4 {[%clk 0:01:35]}
18. Nd5 {[%clk 0:01:20]} Bxd5 {[%clk 0:01:34]} 19. exd5 {[%clk 0:01:21]} Qxc2
{[%clk 0:01:33]} 20. Bxf8 {[%clk 0:01:18]} Rxf8 {[%clk 0:01:33]} 21. Rf2
{[%clk 0:01:16]} Qc5 {[%clk 0:01:20]} 22. Kh1 {[%clk 0:01:07]} e4
{[%clk 0:01:16]} 23. Be2 {[%clk 0:01:03]} Nxd5 {[%clk 0:01:11]} 24. fxg6
{[%clk 0:01:03]} hxg6 {[%clk 0:01:04]} 25. Rdf1 {[%clk 0:00:40]} Ne3
{[%clk 0:00:55]} 26. Re1 {[%clk 0:00:39]} Nf5 {[%clk 0:00:55]} 27. Qf4
{[%clk 0:00:33]} Bg5 {[%clk 0:00:50]} 28. Qxg5 {[%clk 0:00:17]} Qxf2
{[%clk 0:00:50]} 29. Qc1 {[%clk 0:00:15]} Kg7 {[%clk 0:00:39]} 30. Bg4
{[%clk 0:00:13]} Ng3+ {[%clk 0:00:36]} 31. hxg3 {[%clk 0:00:14]} Rh8+
{[%clk 0:00:37]} 32. Bh3 {[%clk 0:00:15]} Rxh3+ {[%clk 0:00:32]} 33. gxh3
{[%clk 0:00:16]} Qf3+ {[%clk 0:00:33]} 34. Kg1 {[%clk 0:00:17]} Qxg3+
{[%clk 0:00:33]} 35. Kh1 {[%clk 0:00:17]} Qf3+ {[%clk 0:00:33]} 36. Kg1 1/2-1/2